[Event "ESP-ch U14"]
[Site "Salobrena"]
[Date "2021.07.12"]
[Round "1"]
[White "Regadera Mateos, Nicolas"]
[Black "Leone Amigot, Haymar"]
[Result "0-1"]
[WhiteElo "1414"]
[BlackElo "1806"]
[PlyCount "102"]
[EventDate "2021.07.12"]
[EventType "swiss"]
[EventRounds "9"]
[EventCountry "ESP"]
[SourceTitle "EXT 2022"]
[Source "ChessBase"]
[SourceDate "2021.10.06"]
[SourceVersion "1"]
[SourceVersionDate "2021.10.06"]
[SourceQuality "1"]

1. c4 e5 2. g3 Nf6 3. Bg2 Bc5 4. Nc3 d6 5. Nf3 0-0 6. 0-0 c6 7. d3 h6 8. a3 Be6 9. b4 Bb6 10. Bb2 Nbd7 11. e4 Qe7 12. Nh4 Rfd8 13. h3 Nf8 14. Qb3 Qd7 15. Kh2 g5 16. Nf5 Bxf5 17. exf5 Qxf5 18. Na4 Bc7 19. b5 Rab8 20. Bc1 Ne6 21. Be3 c5 22. Qc2 b6 23. Qd2 d5 24. cxd5 Nxd5 25. Be4 Qf6 26. Nc3 Nxc3 27. Qxc3 Nd4 28. Qc4 Qe6 29. Qxe6 Nxe6 30. h4 Kg7 31. Rad1 f6 32. Bf5 Rd6 33. a4 Nd4 34. Bxd4 Rxd4 35. Ra1 gxh4 36. gxh4 e4+ 37. Kh3 Rxd3+ 38. Kg2 Rd4 39. Kh3 Rd3+ 40. Kg2 Re8 41. f3 Rd2+ 42. Rf2 e3 43. Rxd2 exd2 44. Kf2 Bf4 45. Rg1+ Kf8 46. Rd1 c4 47. Bc2 c3 48. Kg2 Re2+ 49. Kh3 h5 50. Rh1 Re1 51. Kg2 Rc1 0-1